| 000 | 01227nam a22003737a 4500 | ||
|---|---|---|---|
| 003 | CHAP | ||
| 005 | 20220329135028.0 | ||
| 008 | 971013s1961 r 00010 d | ||
| 010 | _a29812 | ||
| 011 | _a30784 | ||
| 035 | _a34896 | ||
| 040 | _cCHAP | ||
| 082 |
_a581.13342 _bL5 |
||
| 245 |
_aLight and life _b: a symposium |
||
| 260 |
_aBaltimore : _bJohns Hopkins, _c1961 |
||
| 300 |
_a924 p. _b: ilus. |
||
| 490 |
_aMcCollum-Pratt Institute. Contribution _v; 302 |
||
| 590 |
_aBATCH-UPD _b10 _c20130110 _lUCH01 _h0240 |
||
| 590 |
_aBATCH-UPD _b10 _c20130110 _lUCH01 _h1822 |
||
| 590 |
_aBATCH-UPD _b10 _c20130409 _lUCH01 _h2306 |
||
| 590 |
_aBATCH-UPD _b10 _c20130410 _lUCH01 _h1355 |
||
| 590 |
_aBATCH-UPD _b10 _c20130914 _lUCH01 _h1433 |
||
| 590 |
_aCONVERSION _b10 _c20130109 _lUCH01 _h1317 |
||
| 650 | 1 | 4 |
_aFotoperíodo. _942735 |
| 650 | 1 | 4 |
_aFotosíntesis. _942737 |
| 650 | 1 | 4 |
_aLuminiscencia. _969007 |
| 650 | 1 | 4 |
_aLuz _xEfectos fisiológicos. _969247 |
| 700 | 0 |
_aGlass, Bentley. _948252 |
|
| 700 | 0 |
_aMcElroy, William D. _973501 |
|
| 830 | 0 |
_aMcCollum-Pratt Institute. Contribution _v; 302 _973407 |
|
| 901 | _aBK | ||
| 942 | _cLIBRO | ||
| 949 |
_a581.13342 L5 _bBC _cLIBRO _d33724000547717 _eLIBRO _h14408 _i34896 _mD _si _t185.00 |
||
| 999 |
_c29812 _d29812 |
||